Stále aktuálne a novšie poznatky o výžive dojčiat II. Vitamíny, stopové prvky, biogénne faktory

Podrobná bibliografia
Hlavný autor: Dluholucký, Svetozár, 1940- (Autor)
Médium: Článok
Jazyk:slovenčina
ISSN:1335-0838
Predmet:

MARC

LEADER 00000nab a2200000 a 4500
001 vtls000775687
003 SK-MaSNL
005 20260304124809.0
008 250429c2001 xo 0 slo
015 |a SNBRB2001/11-33531 
035 |a CLN000127474 
035 |a urn:nbn:sk:snk-ab34t8 
035 |a (urnnbn)urn:nbn:sk:snk:ar-a05x5z 
035 |a (uuid)f8098b14-ce76-440c-b7fa-30cce6baff19 
040 |a SNKBUCL  |b slo  |c SNKBUCL  |e AACR2 
041 0 |a slo 
044 |a xo  |c SK 
080 |a 613.221  |2 1997 
100 1 |a Dluholucký, Svetozár,  |d 1940-  |4 aut  |9 113068 
245 1 0 |a Stále aktuálne a novšie poznatky o výžive dojčiat  |n II.  |p Vitamíny, stopové prvky, biogénne faktory  |c S. Dluholucký 
504 |a Res. angl., slov. 
504 |a Bibliogr. odkazy 
650 0 7 |a výživa dojčiat  |2 snkbucl  |9 2620 
650 0 7 |a vitamíny  |2 snkbucl  |9 2616 
650 0 7 |a stopové prvky  |2 snkbucl  |9 29124 
650 0 7 |a faktory biogénne  |2 snkbucl  |9 1436446 
655 7 |a články z novín a časopisov  |2 snkbucl  |9 267496 
773 0 |t Detský lekár  |g Roč. 8, č. 3 (2001), s. 26-30  |x 1335-0838 
850 |a Slovenská národná knižnica 
852 |a Slovenská národná knižnica 
954 |a odborná, vedecká literatúra pôvodná (slovenská)  |2 lita 
958 |a article27 
958 |a MI 
958 |a NB 
958 |a OND 
958 |a EUIPO 
992 |a RBX 
999 |c 2892216  |d 2894146